Pedagogía Social : Revista Interuniversitaria
Pedagogía Social. Revista interuniversitaria (PSRI) es una revista científica periódica, de carácter semestral, editada de forma ininterrumpida desde 1986 por la Asociación Iberoamericana de Pedagogía Social. El fin principal de la Revista es la difusión de los resultados de investigación original q...
Kaydedildi:
| Müşterek Yazar: | |
|---|---|
| Materyal Türü: | Dergi |
| Dil: | Spanish |
| Baskı/Yayın Bilgisi: |
Salamanca :
Sociedad Iberoamericana de Pedagogía,
2009-
|
| Konular: | |
| Online Erişim: | Enlace del recurso |
| Etiketler: |
Etiketle
Etiket eklenmemiş, İlk siz ekleyin!
|
MARC
| LEADER | 00000nas a2200000 a 4500 | ||
|---|---|---|---|
| 001 | 001688 | ||
| 003 | OSt | ||
| 005 | 20191025191403.0 | ||
| 008 | 191025c2009 sp r|p l0 a0spa d | ||
| 999 | |c 6574 |d 6574 | ||
| 022 | |a 1139-1723 | ||
| 040 | |b spa |c CNA-IDEP | ||
| 041 | 0 | |a spa | |
| 090 | |a Ped.Soc | ||
| 110 | 2 | |a Sociedad Iberoamericana de Pedagogía (España) |9 9849 | |
| 222 | |a Pedagogía Social | ||
| 245 | 1 | 0 | |a Pedagogía Social : |b Revista Interuniversitaria |c Sociedad Iberoamericana de Pedagogía. |
| 260 | |a Salamanca : |b Sociedad Iberoamericana de Pedagogía, |c 2009- | ||
| 270 | |a Edificio Cossío, Dcho. nº 28. Paseo de Canalejas, 169. 37008. Salamanca |b Salamanca |d España | ||
| 300 | |a n. |b il. ; |c 22 cm. | ||
| 310 | |a Semestral | ||
| 500 | |a Descripción basada en : No. 16 (2009). | ||
| 504 | |a Incluye referencias bibliográficas. | ||
| 520 | 3 | |a Pedagogía Social. Revista interuniversitaria (PSRI) es una revista científica periódica, de carácter semestral, editada de forma ininterrumpida desde 1986 por la Asociación Iberoamericana de Pedagogía Social. El fin principal de la Revista es la difusión de los resultados de investigación original que se realizan tanto a nivel nacional como internacional sobre Pedagogía Social y Educación Social, constituyendo un medio de expresión para la publicación de trabajos de acreditada calidad científica dirigidos a profesionales, profesorado de los diferentes niveles educativos, y/o investigadores en general interesados en los diferentes aspectos de la realidad social y educativa. (Tomado de : https://recyt.fecyt.es/index.php/PSRI/index) | |
| 650 | 1 | 0 | |2 Unesco |a Educación |v Publicaciones seriadas |9 6019 |
| 650 | 1 | 0 | |2 Unesco |a Educación comunitaria |v Publicaciones seriadas |9 9873 |
| 650 | 1 | 0 | |2 Unesco |a Cultura |v Publicaciones seriadas |9 9874 |
| 650 | 1 | 0 | |2 Unesco |a Ciencias sociales y humanas |v Publicaciones seriadas |9 6057 |
| 942 | |2 LOC |c CR | ||
| 856 | |u https://catalogo.idep.edu.co/cgi-bin/koha/opac-detail.pl?biblionumber=6574 |z Enlace del recurso | ||